| Tag |
First Indicator |
Second Indicator |
Subfields |
| LEADER |
00000cam a22000001i 4500 |
| 001 |
in00003992425 |
| 005 |
20190416184343.0 |
| 006 |
m |o d | |
| 007 |
cr |n||||||||| |
| 008 |
151210s2014 ilu ob 001 0 eng d |
| 020 |
|
|
|a 9780398081140 (electronic bk.)
|
| 020 |
|
|
|a 039808114X (electronic bk.)
|
| 020 |
|
|
|z 9780398087883 (pbk.)
|
| 020 |
|
|
|z 0398087881 (pbk.)
|
| 024 |
8 |
|
|a 99978088370
|
| 035 |
|
|
|a (NhCcYBP)ybp12107187
|
| 040 |
|
|
|a NhCcYBP
|c NhCcYBP
|d UtOrBLW
|
| 050 |
|
4 |
|a HV6515
|b .H357 2014
|
| 082 |
0 |
4 |
|a 364.152/32019
|2 23
|
| 100 |
1 |
|
|a Harmening, William M.
|0 http://id.loc.gov/authorities/names/n2009067739
|
| 245 |
1 |
0 |
|a Serial killers :
|b the psychosocial development of humanity's worst offenders /
|c by William M. Harmening, M.A., Adjunct Professor of Psychology, Benedictine University, Springfield, Illinois, Adler School of Professional Psychology, Chicago, Illinois.
|
| 264 |
|
1 |
|a Springfield, Illinois :
|b Charles C. Thomas,
|c [2014]
|
| 300 |
|
|
|a 1 online resource.
|
| 336 |
|
|
|a text
|b txt
|2 rdacontent
|
| 337 |
|
|
|a computer
|b c
|2 rdamedia
|
| 338 |
|
|
|a online resource
|b cr
|2 rdacarrier
|
| 504 |
|
|
|a Includes bibliographical references (pages 261-266) and index.
|
| 505 |
0 |
|
|a Introduction -- Where it all begins -- Learning to feel -- Who am I? -- Closing the gap -- Criminal beginnings -- David Berkowitz : the Son of Sam -- Charles Manson -- Eric Rudolph : God's crusader -- Theodore "Ted" Bundy : the face of evil -- Edmund Kemper : the co-ed killer -- The Zodiac killer -- Intervention strategies.
|
| 588 |
|
|
|a Description based on print version record.
|
| 500 |
|
|
|a Electronic resource.
|
| 650 |
|
0 |
|a Serial murderers
|x Psychology.
|0 http://id.loc.gov/authorities/subjects/sh2010112688
|
| 650 |
|
0 |
|a Murderers
|x Psychology.
|0 http://id.loc.gov/authorities/subjects/sh2010102727
|
| 650 |
|
0 |
|a Personality development.
|0 http://id.loc.gov/authorities/subjects/sh87002534
|
| 650 |
|
0 |
|a Homicide
|x Psychological aspects.
|0 http://id.loc.gov/authorities/subjects/sh85061744
|
| 655 |
|
7 |
|a Electronic books.
|2 local
|
| 710 |
2 |
|
|a EBSCOhost.
|
| 776 |
1 |
8 |
|i Online version:
|a Harmening, William M.
|t Serial killers
|d Springfield, Illinois : Charles C. Thomas, [2014]
|z 9780398081140
|w (DLC) 2014027173
|
| 776 |
1 |
8 |
|c Original
|z 9780398087883
|z 0398087881
|w (DLC) 2014020428
|
| 856 |
4 |
0 |
|u http://proxy.library.tamu.edu/login?url=http://search.ebscohost.com/login.aspx?direct=true&scope=site&db=nlebk&db=nlabk&AN=880307
|z Connect to the full text of this electronic book
|t 0
|
| 955 |
|
|
|a YBP purchased EBSCO DDA e-records
|
| 999 |
f |
f |
|s 20bb1a86-33eb-3c94-8a3c-407d090bdbda
|i 52b15289-13a3-30df-8ff5-3cf5fce34ffd
|t 0
|
| 952 |
f |
f |
|a Texas A&M University
|b College Station
|c Electronic Resources
|d Available Online
|t 0
|e HV6515 .H357 2014
|h Library of Congress classification
|
| 998 |
f |
f |
|a HV6515 .H357 2014
|t 0
|l Available Online
|